banner-ar

النيل والمستقبل : ماذا جرى للنيل ولمنابعة الاستوائية والاثيوبية / (Record no. 31117)

MARC details
000 -الفاتح
حقل البيانات ثابتة الطول 01105nam a2200337Ia 4500
008 - عناصر البيانات ثابتة الطول - معلومات عامة
حقل البيانات ثابتة الطول 140319s9999 xx 000 0 ara d
040 ## - مصدر الفهرسة
وكالة الفهرسة الأصلية GCL /
وكالة النسخ GCL
082 04 - رقم تصنيف ديوى العشرى
رقم التصنيف ق
رقم المادة 916.621
-- ع ن
100 1# - المدخل الرئيسى - إسم شخصى
الإسم الشخصى عبدالتواب عبدالحى
245 10 - بيان العنوان
العنوان النيل والمستقبل : ماذا جرى للنيل ولمنابعة الاستوائية والاثيوبية /
بيان المسئوليه,etc عبدالتواب عبدالحى
260 ## - PUBLICATION, DISTRIBUTION, ETC. (IMPRINT)
تاريخ النشر أو التوزيع 1988
300 ## - الوصف المادى
التعداد 270 ص
490 ## - بيان السلسلة
عنوان السلسلة
650 04 - المدخل الاضافى بالموضوع-مصطلح موضوعى
مصطلح موضوعي مصر
650 04 - المدخل الاضافى بالموضوع-مصطلح موضوعى
مصطلح موضوعي افريقيا
650 04 - المدخل الاضافى بالموضوع-مصطلح موضوعى
مصطلح موضوعي نهر النيل
650 04 - المدخل الاضافى بالموضوع-مصطلح موضوعى
مصطلح موضوعي الملاحة
650 04 - المدخل الاضافى بالموضوع-مصطلح موضوعى
مصطلح موضوعي الخرائط
650 04 - المدخل الاضافى بالموضوع-مصطلح موضوعى
مصطلح موضوعي بحيرة فيكتوريا
650 04 - المدخل الاضافى بالموضوع-مصطلح موضوعى
مصطلح موضوعي الفيضانات
650 04 - المدخل الاضافى بالموضوع-مصطلح موضوعى
مصطلح موضوعي القوى المائية
650 04 - المدخل الاضافى بالموضوع-مصطلح موضوعى
مصطلح موضوعي دلتا الانهار
650 04 - المدخل الاضافى بالموضوع-مصطلح موضوعى
مصطلح موضوعي الخزانات
650 04 - المدخل الاضافى بالموضوع-مصطلح موضوعى
مصطلح موضوعي السدود
650 04 - المدخل الاضافى بالموضوع-مصطلح موضوعى
مصطلح موضوعي منابع
650 04 - المدخل الاضافى بالموضوع-مصطلح موضوعى
مصطلح موضوعي مصبات
650 04 - المدخل الاضافى بالموضوع-مصطلح موضوعى
مصطلح موضوعي الاحوال والعادات الاجتماعية
650 04 - المدخل الاضافى بالموضوع-مصطلح موضوعى
مصطلح موضوعي الكشوف الجغرافية
942 ## - عناصر المدخل الإضافي( كوها)
مصدر التصنيف او مخطط الترفيف Dewey Decimal Classification
Koha [default] item type كتاب
260 ## - PUBLICATION, DISTRIBUTION, ETC. (IMPRINT)
-- [S.N] :
-- مركز الاهرام للترجمة والنشر ،
Holdings
حالة التراجع حالة الفقد حالة تلف ليس للاعارة المكان المؤقت الموقع الحالى تاريخ الاكتساب اجمالي اﻻعارات رقم الطلب الباركود تاريخ اخر مشاهدة تاريخ تفعيل السعر نوع وعاء كوها
        مكتبة القاهرة الكبرى مكتبة القاهرة الكبرى 03/26/2014   ق\916.621\ع ن 72650 03/26/2014 03/26/2014 كتاب
        مكتبة القاهرة الكبرى مكتبة القاهرة الكبرى 03/26/2014   ق\916.621\ع ن 72651 03/26/2014 03/26/2014 كتاب
        مكتبة القاهرة الكبرى مكتبة القاهرة الكبرى 03/26/2014   ق\916.621\ع ن 72652 03/26/2014 03/26/2014 كتاب

Powered By

EGPV